书目信息 |
| 题名: |
简明通风设计手册
|
|
| 作者: | 孙一坚 主编 | |
| 分册: | ||
| 出版信息: | 北京 中国建筑工业出版社 1997.06 |
|
| 页数: | 712页 | |
| 开本: | 16开 | |
| 丛书名: | ||
| 单 册: | ||
| 中图分类: | ||
| 科图分类: | ||
| 主题词: | 建筑--空气调节 , 房屋建筑设备:空气调节设备 , 房屋建筑设备:采暖设备 , 建筑--通风 , 房屋建筑设备:通风设备 | |
| 电子资源: | ||
| ISBN: | 7-112-03103-6 | |
| 000 | 00743nam0 2200253 45 | |
| 001 | 9911301602 | |
| 005 | 20010102102420.9 | |
| 010 | @a7-112-03103-6@d62.00元 | |
| 100 | @a19991130d1997 km y0chiy0120 ea | |
| 101 | @achi | |
| 105 | @a z 000yy | |
| 200 | 1 | @a简明通风设计手册@AJian Ming Tong Feng She Ji Shou Ce@f孙一坚主编@FSun Yi Jian Zhu Bian |
| 210 | @a北京@c中国建筑工业出版社@d1997.06 | |
| 215 | @a712页@d16开 | |
| 606 | 0 | @a建筑@x空气调节 |
| 606 | 0 | @a房屋建筑设备:空气调节设备 |
| 606 | 0 | @a房屋建筑设备:采暖设备 |
| 606 | 0 | @a建筑@x通风 |
| 606 | 0 | @a房屋建筑设备:通风设备 |
| 690 | @v3 | |
| 690 | @aTU834.3-62@v3 | |
| 701 | @a孙一坚@4主编 | |
| 801 | @aCN@bPFTUser@c19991130 | |
| 905 | @dTU834.3-62@eS361@b318577-581@f5 | |
| 简明通风设计手册/孙一坚主编.-北京:中国建筑工业出版社,1997.06 |
| 712页;16开 |
| ISBN 7-112-03103-6:62.00元 |
| ● |
| 相关链接 |
|
|
|
正题名:简明通风设计手册
索取号:TU834.3-62/S361
 
预约/预借
| 序号 | 登录号 | 条形码 | 馆藏地/架位号 | 状态 | 备注 |
| 1 | 318577 | 203185775 | 能源与建筑环境工程学院资料室/404自科库 16排6列6层/ [索取号:TU834.3-62/S361] | 在馆 | |
| 2 | 318578 | 203185784 | 能源与建筑环境工程学院资料室/404自科库 16排6列6层/ [索取号:TU834.3-62/S361] | 在馆 | |
| 3 | 318579 | 203185793 | 建筑库201/201建筑库 52排6列1层/ [索取号:TU834.3-62/S361] | 在馆 | |
| 4 | 318580 | 203185800 | 能源与建筑环境工程学院资料室/404自科库 16排6列6层/ [索取号:TU834.3-62/S361] | 在馆 | |
| 5 | 318581 | 203185819 | 建筑库201/201建筑库 52排6列1层/ [索取号:TU834.3-62/S361] | 在馆 |